Pokemon Attacken der 5. Generation - Statistiken

Allgemein
  • Dieses Quiz wurde 66 mal gespielt
  • Das Durchschnittsergebnis liegt bei 58 aus 92
Antwortstatistiken
Typ Attacke % Korrekt
Elektro Voltwechsel
92%
Elektro Elektroball
89%
Boden Dampfwalze
86%
Käfer Käfertrutz
86%
Feuer Nitroladung
86%
Feuer Brandstempel
83%
Drache Drachenrute
83%
Flug Akrobatik
81%
Feuer Einäschern
81%
Elektro Kreuzdonner
81%
Feuer Kreuzflamme
81%
Wasser Siedewasser
81%
Eis Eiszeit
78%
Feuer Feuersäulen
78%
Wasser Kalkklinge
78%
Flug Orkan
78%
Wasser Wassersäulen
78%
Geist Bürde
75%
Käfer Quetschwalze
75%
Elektro Blitzschlag
72%
Stahl Klikkdiskus
72%
Eis Eisesodem
72%
Flug Freier Fall
72%
Normal Heimzahlung
72%
Pflanze Holzgeweih
72%
Feuer Inferno
72%
Pflanze Pflanzsäulen
72%
Unlicht Schmarotzer
72%
Drache Doppelhieb
69%
Elektro Elektronetz
69%
Käfer Falterreigen
69%
Gift Giftschock
69%
Psycho Herzstempel
69%
Boden Schlagbohrer
69%
Gift Schlammwoge
69%
Elektro Stromstoß
69%
Normal Urgesang
69%
Gift Einrollen
67%
Eis Frosthauch
67%
Feuer Funkenflug
67%
Feuer V-Generator
67%
Feuer Blauflammen
64%
Feuer Feuerreigen
64%
Feuer Flammenball
64%
Eis Frostvolt
64%
Pflanze Grasmixer
64%
Normal Kraftschub
64%
Unlicht Standpauke
64%
Normal Hausbruch
61%
Eis Eiszapfhagel
61%
Normal Kehrschelle
61%
Kampf Rapidschutz
61%
Normal Zwango
61%
Kampf Bergsturm
58%
Kampf Fußtritt
58%
Stahl Gangwechsel
58%
Normal Kanon
58%
Gestein Katapult
58%
Gift Klärsmog
58%
Gestein Rundumschutz
58%
Normal Zermürben
58%
Unlicht Nachtflut
56%
Normal Techblaster
56%
Wasser Überflutung
56%
Pflanze Watteschild
56%
Käfer Wutpulver
56%
Psycho Kraftteiler
53%
Kampf Sactoklinge
53%
Psycho Schutzteiler
53%
Normal Steinschädel
53%
Stahl Autotomie
50%
Psycho Heilwoge
50%
Psycho Psychostoß
47%
Gift Säurespeier
47%
Kampf Wagemut
47%
Normal Wankelstrahl
47%
Normal Galanterie
44%
Unlicht Klauenwetzer
44%
Psycho Kraftvorrat
44%
Kampf Mystoschwert
44%
Normal Offerte
44%
Psycho Psychschock
44%
Stahl Rammboss
44%
Psycho Wunderraum
44%
Psycho Magieraum
42%
Psycho Seitentausch
42%
Psycho Telekinese
42%
Normal Typenspiegel
42%
Normal Wiederhall
42%
Psycho Synchrolärm
39%
Unlicht Verzögerung
36%
Kampf Überkopfwurf
28%
Keine übereinstimmenden Quizze gefunden
Verteilung der Resultate
Anzahl Personen mit jedem Resultat
Perzentil nach korrekt beantworteten Fragen
Ihre Resultats-Entwicklung
Sie haben dieses Quiz noch nicht gespielt